000 00727nam a2200217Ia 4500
003 IN-BaIIA
008 211028s9999 xx 000 0 eng d
040 _cIIA Library
080 _a523.9:846
_bHOU
100 _aHougast, Jakob
_912737
245 4 _aThe variations in the profiles of strong fraunhofer lines along a radius of the solar disc
_cJakob Hougas
260 _aUtrecht
_bDlrukkerij Fa Schotanus and Jens
_c1942
300 _a147p.
500 _aDonated by Mrs. Bappu
650 _aAbsorption Spectra
_93765
650 _aAstronomy and Astrophysics Thesaurus
650 _aFraunhofer Lines
_92323
650 _aPh.D.Thesis
_91344
650 _aSun
_91200
942 _cBK
999 _c7466
_d7466